| 000 | 00700nam a2200265Ia 4500 | ||
|---|---|---|---|
| 005 | 20250425162739.0 | ||
| 008 | 250425s9999 xx 000 0 und d | ||
| 020 | _a9786071511539 | ||
| 041 | _aspa | ||
| 043 | _amx | ||
| 082 | _a658.8 | ||
| 100 | _aKERIN, ROGER A. | ||
| 245 | 0 | _aMARKETING | |
| 250 | _a11A ED. | ||
| 260 |
_aMéxico _bMCGRAW-HILL INTERAMERICANA EDITORES S.A. DE C.V. _c2014 |
||
| 260 | _aS.L. | ||
| 300 | _a714 | ||
| 500 | _aTítulo Traducido: MARKENTIG | ||
| 650 | _aEMPRESAS | ||
| 650 | _aMARKETING Y ECONOMIA | ||
| 700 |
_aMARIA JESUS HERRERO DIAZ _etraductor |
||
| 710 | _aMCGRAW-HILL INTERAMERICANA EDITORES, S.A. DE C.V. | ||
| 942 | _c01 | ||
| 010 | _a104615 | ||
| 999 |
_c235613 _d235613 |
||